Heidi (Record no. 595827)

000 -LEADER
fixed length control field 00386nam a22001457a 4500
020 ## - INTERNATIONAL STANDARD BOOK NUMBER
International Standard Book Number 9781853261251
082 ## - DEWEY DECIMAL CLASSIFICATION NUMBER
Classification number 833.8
Author Mark SPY
100 ## - MAIN ENTRY--PERSONAL NAME
Personal name Spyri, Johanna,
245 ## - TITLE STATEMENT
Title Heidi
Statement of responsibility, etc. Johanna Spyri,
260 ## - PUBLICATION, DISTRIBUTION, ETC.
Place of publication, distribution, etc. London,
Name of publisher, distributor, etc. Wordsworth Classics;
Date of publication, distribution, etc. 1993.
300 ## - PHYSICAL DESCRIPTION
Extent 240p
563 ## - BINDING INFORMATION
Binding note P.B
650 ## - SUBJECT ADDED ENTRY--TOPICAL TERM
Topical term or geographic name entry element Grandfathers
-- Mountain life
-- Grandparent and child
942 ## - ADDED ENTRY ELEMENTS (KOHA)
Source of classification or shelving scheme
Koha item type Book
650 ## - SUBJECT ADDED ENTRY--TOPICAL TERM
-- 114480
Holdings
Withdrawn status Lost status Source of classification or shelving scheme Damaged status Not for loan Permanent Location Current Location Shelving location Date acquired Source of acquisition Full call number Barcode Date last seen Price effective from Koha item type
          Central Library (CL) Central Library (CL) Children Section 09/07/2023 Donation 833.8 SPY CL-D-2440 11/24/2025 09/07/2023 Book
© 2023 Central Library, National University of Sciences and Technology. All Rights Reserved.